Elements of mathematical astronomy : with a brief exposition of relativity.

Bibliographic Details
Main Author: Davidson, Martin
Format: Book
Language:English
Published: London, New York : Hutchinson's Scientific and Technical Publications, [1949]
Edition:[2d ed.,
Subjects:

MARC

Tag First Indicator Second Indicator Subfields
LEADER 00000cam a2200000 4500
001 in00000023578
005 20151007064507.0
008 770806s1949 enk 00000 eng d
010 |a  49049708  
035 |a (OCoLC)03165480 
035 |9 AAD9961AM 
040 |a OCP  |c OCP  |d TXA  |d UtOrBLW 
049 |a TXAM  |c [456519] 
050 0 |a QB145  |b .D3 1949 
092 |a 520  |b D253e, 1949 
100 1 |a Davidson, Martin. 
245 1 0 |a Elements of mathematical astronomy :  |b with a brief exposition of relativity. 
250 |a [2d ed.,  |b rev.]. 
264 1 |a London,  |a New York :  |b Hutchinson's Scientific and Technical Publications,  |c [1949] 
300 |a 224 pages :  |b illustrations, diagrams ;  |c 22 cm. 
336 |a text  |b txt  |2 rdacontent 
337 |a unmediated  |b n  |2 rdamedia 
338 |a volume  |b nc  |2 rdacarrier 
500 |a Corrigendum slip inserted. 
500 |a "Works on relativity" page 222. 
650 0 |a Astronomy. 
650 0 |a Relativity (Physics) 
740 0 |a Mathematical astronomy. 
999 |a MARS 
999 f f |s addd3d6f-09ba-388b-b027-d0337cb8de40  |i 799e1bf2-1fad-3222-a547-3dda639d0a33  |t 0 
952 f f |p ric  |a Texas A&M University  |b Rellis Campus  |c Joint Library Facility  |d Remote Storage  |t 0  |e QB145 .D3 1949  |h Library of Congress classification  |i unmediated -- volume  |m A14800897917 
998 f f |a QB145 .D3 1949  |t 0  |l Remote Storage